000 01318nam a2200253Ia 4500
003 CO-CtgCURN
005 20250407233627.0
008 190723s9999 xx 000 0 und d
020 _a9586906841
040 _aCO-CtgCURN
_bspa
_ccoctgcurn
082 _a344.01
_bG934
100 _aGuerrero Figueroa, Guillermo
_d1934-
245 0 _aEl trabajo y su reglamentacion en America /
_cGuillermo Guerrero Figueroa
260 _aBogotá, Colombia :
_bLeyer,
_c2004
300 _a225 páginas ;
_c22 centímetros
504 _aIncluye referencias bibliográficas (p. [223]-225)
505 _aSeccion I. Generalidades sobre la evolucion y reglamentacion del trabajo -- Doctrinas sociales en la reglamentacion del trabajo -- Otros factores en la reglamentación del trabajo -- El trabajo y su reglamentación en los pueblos de América precolombina -- El trabajo y su reglamentacion en al America hispanica -- El trabajo y su reglamentacion en la América libre -- El trabajo y su reglamentacion en Colombia -- Importancia del trabajo humano.
521 _aAREA PROFESIONAL
590 _aPrograma de Derecho_18
650 _aDerecho laboral
_zAmerica Latina
650 _aTrabajo
_xHistoria
942 _cBK
_h344.01
_iG934
_01
_2ddc
_n0
999 _c28638
_d28638